Länder aus Elementen #3 - Statistiken

Allgemein
  • Dieses Quiz wurde 128 mal gespielt
  • Das Durchschnittsergebnis liegt bei 10 aus 14
Antwortstatistiken
Elementen Land % Korrekt
Lanthan + Osmium Laos
98%
Lithium + Barium + Nobelium + Stickstoff Libanon
98%
Iridium + Lanthan + Neodym Irland
94%
Natrium + Uranium + Ruthenium Nauru
86%
Iod + Radium + Stickstoff Iran
76%
Barium + Wasserstoff + Radium + Iod + Stickstoff Bahrain
73%
Kalium + Arsen + Actinium + Wasserstoff + Schwefel + Tantal + Stickstoff Kasachstan
72%
Kohlenstoff + Wasserstoff + Iod + Natrium China
71%
Fluor + Radium + Stickstoff + Kalium + Rhenium + Iod + Kohlenstoff + Wasserstoff Frankreich
71%
Uran + Stickstoff + Gallium + Radon Ungarn
66%
Kalium + Osmium + Sauerstoff + Vanadium + Sauerstoff Kosovo
64%
Darmstadtium + Scandium + Wasserstoff + Iod + Bor + Iod + Titan Dschibuti
48%
Kalium + Astat + Argon Katar
43%
Silber + Yttrium + Phosphor + Tellur + Stickstoff Ägypten
37%
Keine übereinstimmenden Quizze gefunden
Verteilung der Resultate
Anzahl Personen mit jedem Resultat
Perzentil nach korrekt beantworteten Fragen
Ihre Resultats-Entwicklung
Sie haben dieses Quiz noch nicht gespielt